Statystyki dla Linie lotnicze

Kliknij tutaj aby rozwiązać quiz!

Ogólne statystyki

  • Ten quiz został rozwiązany 243 razy
  • Średni wynik to 12 z 17

Statystyki odpowiedzi

PodpowiedzOdpowiedź% Poprawnych
Najpopularniejsza polska linia lotniczaLot
97%
Europejska tania linia lotnicza o różowo-fioletowym malowaniuWizzair
93%
Najpopularniejsza linia lotnicza ze Zjednoczonych Emiratów ArabskichEmirates
91%
Najpopularniejsza niemiecka linia lotniczaLufthansa
90%
Europejska tania linia lotnicza o żółto-niebieskim malowaniuRyanair
89%
Najpopularniejsza francuska linia lotniczaAir France
88%
Najpopularniejsza brytyjska linia lotniczaBritish Airways
79%
Najpopularniejsza turecka linia lotniczaTurkish Airlines
78%
Najpopularniejsza katarska linia lotniczaQatar airways
74%
Najpopularniejsza kanadyjska linia lotniczaAirCanada
70%
Najpopularniejsza skandynawska linia lotniczaSAS
65%
Najpopularniejsza rosyjska linia lotniczaAerofłot
63%
Najpopularniejsza australijska linia lotniczaQantas
58%
Najpopularniejsza łotewska linia lotniczaAirbaltic
55%
Najpopularniejsza włoska linia lotnicza (upadła w 2020r.)Alitalia
53%
Tania linia lotnicza ze Zjednoczonych Emiratów ArabskichFlyDubai
53%
Najpopularniejsza japońska linia lotniczaJapan Airlines
52%

Rozkład punktacji

Percentyl według liczby udzielonych odpowiedzi

Procent ludzi z każdym wynikiem

Twoja historia wyników

Nie rozwiązałeś tego quizu